Σχεδιασμός και οργάνωση ενός πληροφοριακού συστήματος που αφορά στις αναβαθμίδες για καλλιέργεια της νήσου Λέσβου, με ειδική εφαρμοστική έμφαση στη δόμηση : μεταπτυχιακή διατριβή

Αποθηκεύτηκε σε:
Λεπτομέρειες βιβλιογραφικής εγγραφής
Κύριος συγγραφέας: Βουνάτσου, Βαρβάρα
Συγγραφή απο Οργανισμό/Αρχή: Πανεπιστήμιο Αιγαίου Σχολή Κοινωνικών Επιστημών Τμήμα Γεωγραφίας Μεταπτυχιακό Πρόγραμμα Σπουδών Γεωγραφία και Σχεδιασμός στην Ευρώπη και τη Μεσόγειο
Άλλοι συγγραφείς: Πετανίδου, Θεοδώρα (Εισηγητής διατριβής, dgsf [Επιβλέπουσα καθηγήτρια])
Μορφή: Thesis Βιβλίο
Γλώσσα:Greek
Δημοσίευση: 2005.
Θέματα:
Ετικέτες: Προσθήκη ετικέτας
Δεν υπάρχουν, Καταχωρήστε ετικέτα πρώτοι!

MARC

LEADER 00000cam a2200000 i 4500
001 1/29514
008 060516s2005 gre d
035 |l 10083918 
040 |a GR-MY-UA  |b gre  |e aacr 
041 0 |a gre 
082 0 |a 338.1  |2 (22) 
100 1 |a Βουνάτσου, Βαρβάρα. 
245 1 0 |a Σχεδιασμός και οργάνωση ενός πληροφοριακού συστήματος που αφορά στις αναβαθμίδες για καλλιέργεια της νήσου Λέσβου, με ειδική εφαρμοστική έμφαση στη δόμηση :   |b μεταπτυχιακή διατριβή /   |c Βουνάτσου Βαρβάρα ; υπεύθυνη καθηγήτρια Πετανίδου Θ.  
260 |c 2005.  
300 |a 108 σ. :   |b εικ., διαγρ., χαρτ. ;   |c 30 εκ.  
500 |a Μέλη εξεταστικής επιτροπής: Πετανίδου Θ., Δαλάκα Α., Βαϊτης Μ.  
502 |a Διατριβή (μεταπτυχιακή) - Πανεπιστήμιο Αιγαίου, Λέσβος, 2005.  
504 |a Βιβλιογραφία: σ. 99-103.  
650 0 |a Landscape protection  |z Greece  |z Lesbos (Municipality) 
650 0 0 |a Upland conservation  |z Greece  |z Lesbos (Municipality) 
650 0 0 |a Agricultural landscape management  |z Greece  |z Lesbos (Municipality) 
650 0 0 |a Agricultural landscape management  |x Geographic information systems. 
650 0 0 |a Dissertations, Academic  |z Greece. 
700 1 |4 ths  |a Πετανίδου, Θεοδώρα,  |e dgsf [Επιβλέπουσα καθηγήτρια] 
710 2 |a Πανεπιστήμιο Αιγαίου  |b Σχολή Κοινωνικών Επιστημών  |b Τμήμα Γεωγραφίας  |b Μεταπτυχιακό Πρόγραμμα Σπουδών Γεωγραφία και Σχεδιασμός στην Ευρώπη και τη Μεσόγειο. 
852 |a INST  |b LESVOS  |c DIATR  |e 20060516  |h 31  |p 005100035512  |q 005100035512  |t MTXE  |y 23 
852 |a INST  |b LESVOS  |c DIATR  |e 20060516  |h 32  |p 005100035323  |q 005100035323  |t MTXE  |y 23 
901 |a BIBL1-2006-2 
909 |a Λ  |b 126357 
909 |a Λ  |b 126358 
924 |a ΒΟΥΝΑΤΣΟΥ  |b ΒΑΡΒΑΡΑ  |y ΛΕΣΒΟΣ  |z 2006-05 
970 |a ΜΑΡΙΝΑΤΟΥ  |b ΜΥΡΣΙΝΗ  |z 2006/05/16